| 000 | 01457cam a2200349Ia 4500 | ||
|---|---|---|---|
| 001 | devilswaltz00kell | ||
| 003 | CaSfIA | ||
| 005 | 20210118001936.0 | ||
| 007 | cr|||| | ||
| 008 | 931022r1993uuuunyu 000 1 eng d | ||
| 010 | _z 92018089 | ||
| 040 |
_aMLN _cMLN _dSLC _dOCL _dOCLCQ _dBTCTA _dCaSfIA |
||
| 020 |
_a0553563521 : _c$6.50 |
||
| 020 | _a9780553563528 | ||
| 035 | _a(OCoLC)29179848 | ||
| 050 | 4 |
_aPS3561.E3865 _bD48 1993bx |
|
| 082 | 0 | 4 |
_a813/.54 _220 |
| 100 | 1 | _aKellerman, Jonathan. | |
| 245 | 1 | 0 |
_aDevil's waltz / _h[electronic resource] _cJonathan Kellerman. |
| 260 |
_aNew York : _bBantam, _c1993. |
||
| 300 |
_a495 p. ; _c18 cm. |
||
| 650 | 0 |
_aDelaware, Alex (Fictitious character) _vFiction. |
|
| 650 | 0 |
_aSturgis, Milo (Fictitious character) _vFiction. |
|
| 650 | 0 |
_aChild abuse _vFiction. |
|
| 655 | 7 |
_aMystery fiction. _2gsafd |
|
| 655 | 7 |
_aMedical novels. _2gsafd |
|
| 856 | 4 | 1 |
_uhttp://www.archive.org/details/devilswaltz00kell _zFree eBook from the Internet Archive |
| 856 | 4 | 2 |
_uhttp://www.openlibrary.org/books/OL24237365M _zAdditional information and access via Open Library |
| 942 | _cEB | ||
| 506 | _fНеобхідна авторизація на https://archive.org/ (створення облікового запису безкоштовно) | ||
| 506 | _fНеобхідна авторизація на https://openlibrary.org/ (створення облікового запису безкоштовно) | ||
| 999 |
_c488289 _d488289 |
||